00446nam a2200181 a 450000100060000000300090000600800410001502000150005604000280007108200190009910000190011824500220013726000310015930000110019049000190020165000190022065000250023919926CO-ViMGA141112s2004 ck r 000 u spa d a9580464162 aCO-ViMGAbspacCO-ViMGA04aBr 869.3 F657h1 aFonseca, Rubem10aHistorias de amor aBogotá : bNorma, c2001 a116 p. aLa otra orilla14aAMOR - CUENTOS14aCUENTOS BRASILEÑOS